000 00708nam a2200241Ia 4500
003 OSt
005 20220925231049.0
006 a|||||r|||| 00| 0
007 ta
008 220923b |||||||| |||| 00| 0 eng d
037 _cGeneral Book
040 _aRTL
_cRTL
_beng
041 _2eng
_aeng
082 _aY4.2.N7, L9
100 _aPande Satya Vrat
_9294871
245 0 _aRelative deprivation among career elites
260 _aLucknow
_bSunita Prakashan
_c1979
300 _aiii, 231p
_ccm.
500 _aBibliography: P 220-29; Appendix: P 212-19
650 _aOccupational Sociology
_9230967
942 _hY4.2.N7, L9
_cGB
_2CC
999 _c587202
_d587202